¿Continúa el colonialismo? /
En el presente artículo se hace referencia a la colonización que aún en el contexto actual, experimentan los pueblos indígenas bajo la opresión de estados-naciones a los que pertenece su territorio, además de las condiciones de pobreza y discriminación que sufren constantemente, ello enmarcado en el...
Збережено в:
| Автор: | |
|---|---|
| Формат: | Текст |
| Предмети: | |
| Теги: |
Додати тег
Немає тегів, Будьте першим, хто поставить тег для цього запису!
|
MARC
| LEADER | 00000 a a2200000 04500 | ||
|---|---|---|---|
| 001 | 40462 | ||
| 003 | |||
| 040 | |||
| 100 | |a Pino-Robles, Ricardo | ||
| 245 | |a ¿Continúa el colonialismo? / |c Ricardo Pino Robles | ||
| 520 | |a En el presente artículo se hace referencia a la colonización que aún en el contexto actual, experimentan los pueblos indígenas bajo la opresión de estados-naciones a los que pertenece su territorio, además de las condiciones de pobreza y discriminación que sufren constantemente, ello enmarcado en el irrespeto de sus derechos. De esta manera, se postula que solo los estudios indígenas, como disciplina académica, podrían dirigir y acompañar la descolonización a través de la educación y lucha. | ||
| 590 | |a SJB/SETIEMBRE2011 | ||
| 650 | |a 1.COLONIALISMO | ||
| 650 | |a 2.DISCRIMINACION ETNICA | ||
| 650 | |a 3.DERECHOS DE LOS INDIGENAS | ||
| 650 | |a 4.POBLACION INDIGENA | ||
| 650 | |a 5.EXCLUSION SOCIAL | ||
| 650 | |a 6.POBREZA | ||
| 773 | |g (45). (2007), 31-64 | ||
| 999 | |c 31737 |d 31737 | ||
